Production Technology (Record no. 6428)
[ view plain ]
| 000 -LEADER | |
|---|---|
| fixed length control field | 00282nam a2200121Ia 4500 |
| 008 - FIXED-LENGTH DATA ELEMENTS--GENERAL INFORMATION | |
| fixed length control field | 191201s2003 xx 000 0 und d |
| 100 ## - MAIN ENTRY--PERSONAL NAME | |
| Personal name | JAIN, R.K. |
| 245 #0 - TITLE STATEMENT | |
| Title | Production Technology |
| 260 ## - PUBLICATION, DISTRIBUTION, ETC. (IMPRINT) | |
| Place of publication, distribution, etc | N. Delhi |
| Name of publisher, distributor, etc | Khanna |
| Date of publication, distribution, etc | 2003 |
| 300 ## - PHYSICAL DESCRIPTION | |
| Extent | 1768 |
| 650 ## - SUBJECT ADDED ENTRY--TOPICAL TERM | |
| Topical term or geographic name as entry element | B.Tech(ME) |
| 942 ## - ADDED ENTRY ELEMENTS (KOHA) | |
| Source of classification or shelving scheme | Dewey Decimal Classification |
| Koha item type | Text Books |
| Withdrawn status | Lost status | Source of classification or shelving scheme | Damaged status | Not for loan | Collection code | Home library | Current library | Date acquired | Source of acquisition | Cost, normal purchase price | Bill Number | Total Checkouts | Full call number | Acc. no. / Barcode | Date last seen | Date last borrowed | Actual Cost, discounted price | Bill Date | Koha item type |
|---|---|---|---|---|---|---|---|---|---|---|---|---|---|---|---|---|---|---|---|
| Dewey Decimal Classification | B.Tech(ME) | PIET C-LIBRARY | PIET C-LIBRARY | 29/05/2015 | PANKAJ BOOK DEPOT PANIPAT | 525.00 | AS390 | 1 | 670 JAP | 27182 | 03/02/2021 | 21/01/2021 | 378.00 | 25/05/2015 | Text Books |